The 5 love languages : (Record no. 10674)
[ view plain ]
| 000 -LEADER | |
|---|---|
| fixed length control field | 01448cam a22003014i 4500 |
| 001 - CONTROL NUMBER | |
| control field | 18741283 |
| 003 - CONTROL NUMBER IDENTIFIER | |
| control field | GBCCL |
| 005 - DATE AND TIME OF LATEST TRANSACTION | |
| control field | 20250509131057.0 |
| 008 - FIXED-LENGTH DATA ELEMENTS--GENERAL INFORMATION | |
| fixed length control field | 150812s2015 ilu b 000 0 eng |
| 020 ## - INTERNATIONAL STANDARD BOOK NUMBER | |
| International Standard Book Number | 9788179928264 |
| 020 ## - INTERNATIONAL STANDARD BOOK NUMBER | |
| International Standard Book Number | 9780802412706 |
| 040 ## - CATALOGING SOURCE | |
| Original cataloging agency | DLC |
| Language of cataloging | eng |
| Transcribing agency | DLC |
| Description conventions | rda |
| Modifying agency | DLC |
| 082 00 - DEWEY DECIMAL CLASSIFICATION NUMBER | |
| Classification number | 306.81 |
| Edition information | 23 |
| Item number | CHA 1 |
| 100 1# - MAIN ENTRY--PERSONAL NAME | |
| Personal name | Chapman, Gary D., |
| Dates associated with a name | 1938- |
| 245 14 - TITLE STATEMENT | |
| Title | The 5 love languages : |
| Remainder of title | the secret to love that lasts / |
| Statement of responsibility, etc. | Gary Chapman. |
| 264 #1 - PRODUCTION, PUBLICATION, DISTRIBUTION, MANUFACTURE, AND COPYRIGHT NOTICE | |
| Place of production, publication, distribution, manufacture | Ahmedabad : |
| Name of producer, publisher, distributor, manufacturer | Jaico Publishing house, |
| Date of production, publication, distribution, manufacture, or copyright notice | 2023 |
| 300 ## - PHYSICAL DESCRIPTION | |
| Extent | 203 pages ; |
| Dimensions | 23 cm |
| 336 ## - CONTENT TYPE | |
| Content type term | text |
| Content type code | txt |
| Source | rdacontent |
| 337 ## - MEDIA TYPE | |
| Media type term | unmediated |
| Media type code | n |
| Source | rdamedia |
| 338 ## - CARRIER TYPE | |
| Carrier type term | volume |
| Carrier type code | nc |
| Source | rdacarrier |
| 500 ## - GENERAL NOTE | |
| General note | Contents: 2 titles were changed. |
| 504 ## - BIBLIOGRAPHY, ETC. NOTE | |
| Bibliography, etc. note | Includes bibliographical references (page 205). |
| 505 0# - FORMATTED CONTENTS NOTE | |
| Formatted contents note | What happens to love after the wedding? -- Keeping the love tank full -- Falling in love -- Love language #1: words of affirmation -- Love language #2: quality time -- Love language #3: receiving gifts -- Love language #4: acts of service -- Love language #5: physical touch -- Discovering your primary love language -- Love is a choice -- Love makes the difference -- Loving the unlovely -- A personal word -- Frequently asked questions -- The five love languages profile for couples--for him -- The five love languages profile for couples--for her. |
| 650 #0 - SUBJECT ADDED ENTRY--TOPICAL TERM | |
| Topical term or geographic name entry element | Marriage. |
| 650 #0 - SUBJECT ADDED ENTRY--TOPICAL TERM | |
| Topical term or geographic name entry element | Communication in marriage. |
| 650 #0 - SUBJECT ADDED ENTRY--TOPICAL TERM | |
| Topical term or geographic name entry element | Love. |
| 942 ## - ADDED ENTRY ELEMENTS (KOHA) | |
| Source of classification or shelving scheme | Dewey Decimal Classification |
| Koha item type | Books |
| Suppress in OPAC | No |
| Withdrawn status | Lost status | Source of classification or shelving scheme | Damaged status | Not for loan | Home library | Current Library | Shelving location | Date acquired | Total checkouts | Full call number | Barcode | Date last seen | Copy number | Price effective from | Koha item type |
|---|---|---|---|---|---|---|---|---|---|---|---|---|---|---|---|
| Dewey Decimal Classification | GRACE BIBLE COLLEGE | GRACE BIBLE COLLEGE | General Studies | 2025-05-09 | 306.81 CHA | 016473 | 2025-05-09 | c.1 | 2025-05-09 | Books |